Environmental engineering (Record no. 5357)

000 -LEADER
fixed length control field 00678nam a2200241 4500
001 - CONTROL NUMBER
control field 5357
003 - CONTROL NUMBER IDENTIFIER
control field BD-DhUET
008 - FIXED-LENGTH DATA ELEMENTS--GENERAL INFORMATION
fixed length control field 141126b xxu||||| |||| 00| 0 eng d
020 ## - INTERNATIONAL STANDARD BOOK NUMBER
International Standard Book Number 0071002316
040 ## - CATALOGING SOURCE
Transcribing agency 0
Modifying agency BD-DhUET
082 ## - DEWEY DECIMAL CLASSIFICATION NUMBER
Classification number 628
Item number PEA/1985
100 ## - MAIN ENTRY--PERSONAL NAME
Personal name Peavy, Howard S
245 ## - TITLE STATEMENT
Title Environmental engineering
250 ## - EDITION STATEMENT
Edition statement 1st ed.
260 ## - PUBLICATION, DISTRIBUTION, ETC. (IMPRINT)
Place of publication, distribution, etc. New york
Name of publisher, distributor, etc. McGraw-Hill
Date of publication, distribution, etc. 1985
300 ## - PHYSICAL DESCRIPTION
Extent xiv,699 p.+various paging
Other physical details ill.
490 ## - SERIES STATEMENT
Series statement McGraw-Hill series in water resources and environmental engineering
504 ## - BIBLIOGRAPHY, ETC. NOTE
Bibliography, etc Includes bibliographies
650 #0 - SUBJECT ADDED ENTRY--TOPICAL TERM
Topical term or geographic name as entry element Environmental engineering
700 ## - ADDED ENTRY--PERSONAL NAME
Personal name Rowe, Donald R.
700 ## - ADDED ENTRY--PERSONAL NAME
Personal name Tchobanoglous, George
942 ## - ADDED ENTRY ELEMENTS (KOHA)
Koha item type General Book
Holdings
Source of classification or shelving scheme Price effective from Sublocation or collection (holding branch) Koha date last seen Shelving location Koha renewals Date acquired Damaged status Copy number Koha normalized classification for sorting Koha item type Withdrawn status Koha date last borrowed Location (home branch) Koha full call number Not for loan Koha issues (times borrowed) Piece designation (barcode) Lost status
 2014-11-26Central Library, BUET2024-09-08Circulation section 2014-11-26 1628PEA1985General Book 2023-12-10Central Library, BUET628/PEA/1985 981896 
 2014-11-26Central Library, BUET2024-06-02Circulation section 2014-11-26 2628PEA1985General Book 2024-03-16Central Library, BUET628/PEA/1985 1081895 
 2015-06-18Central Library, BUET2015-06-18Reading section 2015-06-18 3628_000000000000000_PEA_1985Reading Item  Central Library, BUET628/PEA/1985  88788 
 2015-06-18Central Library, BUET2015-06-18Reading section 2015-06-18 4628_000000000000000_PEA_1985Reading Item  Central Library, BUET628/PEA/1985  87579 
 2017-10-31Central Library, BUET2021-11-13Circulation section 1991-10-28 5628_000000000000000_PEA_1985General Book 2020-03-16Central Library, BUET628/PEA/1985 281894 
 2024-12-01Central Library, BUET2024-12-01Rental section 1991-10-28 ক-৫১628_000000000000000_PEA_1985Rental Item  Central Library, BUET628 PEA/1985  81847 
 2024-12-01Central Library, BUET2024-12-01Rental section 1991-10-28 ক-৭৮628_000000000000000_PEA_1985Rental Item  Central Library, BUET628 PEA/1985  81874 
 2024-12-01Central Library, BUET2024-12-01Rental section 1991-10-28 ক-৭৯628_000000000000000_PEA_1985Rental Item  Central Library, BUET628 PEA/1985  81875 
 2024-12-01Central Library, BUET2024-12-01Rental section 1991-10-28 ক-৮০628_000000000000000_PEA_1985Rental Item  Central Library, BUET628 PEA/1985  81876 
 2024-12-01Central Library, BUET2024-12-01Rental section 1991-10-28 ক-৮১628_000000000000000_PEA_1985Rental Item  Central Library, BUET628 PEA/1985  81877 
 2024-12-01Central Library, BUET2024-12-01Rental section 1991-10-28 ক-৮২628_000000000000000_PEA_1985Rental Item  Central Library, BUET628 PEA/1985  81878 
 2024-12-01Central Library, BUET2024-12-01Rental section 1991-10-28 ক-৮৩628_000000000000000_PEA_1985Rental Item  Central Library, BUET628 PEA/1985  81879 
 2024-12-01Central Library, BUET2024-12-01Rental section 1991-10-28 ক-৮৪628_000000000000000_PEA_1985Rental Item  Central Library, BUET628 PEA/1985  81880 
 2024-12-01Central Library, BUET2024-12-01Rental section 1991-10-28 ক-৮৫628_000000000000000_PEA_1985Rental Item  Central Library, BUET628 PEA/1985  81881 
 2024-12-01Central Library, BUET2024-12-01Rental section 1991-10-28 ক-৮৬628_000000000000000_PEA_1985Rental Item  Central Library, BUET628 PEA/1985  81882 
 2024-12-01Central Library, BUET2024-12-01Rental section 1991-10-28 ক-৮৭628_000000000000000_PEA_1985Rental Item  Central Library, BUET628 PEA/1985  81883 
 2024-12-01Central Library, BUET2024-12-01Rental section 1991-10-28 ক-৮৭628_000000000000000_PEA_1985Rental Item  Central Library, BUET628 PEA/1985  81884